Pomechovstojčivoe kodirovanija i nadežnosť EVM

Gespeichert in:
Bibliographische Detailangaben
Format: Buch
Sprache:Russisch
Veröffentlicht: Moskva : Nauka, 1987
Tags: Tag hinzufügen
Keine Tags, Fügen Sie das erste Tag hinzu!

MARC

LEADER 00000nam a22000003a 4500
001 stu2941
005 20141121190830.2
008 930122s1987----xxr-----------------rus-d
040 |a STU  |b slo 
041 0 |a rus 
044 |a xxr 
080 |a 681.326.7.06  |7 stu_us_auth*stu16390 
080 |a 681.518.5 
080 |a 519.686  |7 stu_us_auth*stu8280 
245 |a Pomechovstojčivoe kodirovanija i nadežnosť EVM 
260 |a Moskva :  |b Nauka,  |c 1987 
300 |a 191 s 
996 |c I*2HS3898  |l I  |s A  |a 24  |w stu2941_0002